| 000 | 00397nam a22001577a 4500 | ||
|---|---|---|---|
| 003 | MPLRDC | ||
| 005 | 20220104170235.0 | ||
| 008 | 210129b ||||| |||| 00| 0 eng d | ||
| 082 | _a427 NAU | ||
| 100 | _aGISELA NAU | ||
| 245 |
_aBON APPETIT: THE COMPLETE AMC COOKBOOK FOR MODERN KITCHEN _c |
||
| 260 |
_a _bAMC ALFA METALCRAFT CO LTD _c |
||
| 300 | _b精 | ||
| 650 | _a | ||
| 942 |
_cBK _o427 NAU |
||
| 999 |
_c57854 _d57844 |
||